LEADER 01574 as a2200421 i 4500 001 991002280789707536 006 m 007 cr 008 040303c1991 sz br p eng d 022 $a1420-8970$l1016-443X 035 $ab14149497-39ule_inst 040 $aDip.to Matematica$beng 041 0 $aengfreger 082 0 $a515.05 084 $aLC QA299.6.G46 229 0$aGeometric and functional analysis 245 00$aGeometric and functional analysis$h[e-journal] :$bGAFA 246 14$aGAFA 246 26$aGAFA, geom. funct. anal. 260 $aBasel ; Boston ; Berlin :$bBirkhäuser,$cc1991- 300 $av. ;$c24 cm 310 $a6 issues per year,$b1993- 321 $aQuarterly,$b1991-1992. 500 $aTitle from cover 500 $aPubblicato anche in formato cartaceo 500 $aAccesso elettronico: LE013 1991- 546 $aChiefly English; some French and German 650 0$aGeometry$xPeriodicals 650 0$aFunctional analysis$xPeriodicals 740 0 $aGeom. Funcy. Anal. 776 1 $nISSN (print version):$x1016-443X 856 41$uhttp://link.springer.com/journal/volumesAndIssues/39$zE-journal (Available from 1991- on SpringerLink) 856 41$u http://www.digizeitschriften.de/en/dms/toc/?PID=PPN359089402$zE-journal (Available from 1991 to 1996 on DigiZeitschriften Site) 907 $a.b14149497$b04-03-22$c01-10-13 912 $a991002280789707536 996 $aGeometric and functional analysis$9262157 997 $aUNISALENTO 998 $ale013$b03-03-04$cs$d# $e-$feng$gsz $h0$i0